| 000 | 01132cad a22002295a 4500 | ||
|---|---|---|---|
| 001 | L143191 | ||
| 008 | 080415s2008 xxkad f s 000 0 eng d | ||
| 035 | _a(Sirsi) u143191 | ||
| 041 | 0 | _aeng | |
| 050 | 0 | 4 | _a333.32 $2 18 |
| 110 | 2 |
_aLambert Smith Hampton _92865 |
|
| 245 | 0 | 0 |
_aNational industrial and distribution report _b2008 _h[electronic resource] |
| 260 |
_a[S.l.] _bLambert Smith Hampton _c2008 |
||
| 490 | 0 |
_aLambert Smith Hampton National Industrial and Distribution Report _v2008 |
|
| 520 | _aSuggests that the anticipated improvement in the UK economy from 2009 will push forward the industrial market in the medium term. Expects strong rental growth, especially for distribution properties in Wales and the Midlands. Finds that whilst warehouse rent growth has been moderate, there has been a steady rise. | ||
| 590 | _aKA NTK | ||
| 650 | 2 | 4 | _aLAMBERT SMITH HAMPTON NATIONAL INDUSTRIAL AND DISTRIBUTION REPORT |
| 651 | 4 |
_aUnited Kingdom _y |
|
| 690 | _aPROPERTY-COMMERCIAL PROPERTY-COMMERCIAL PROPERTY MARKET | ||
| 856 | 4 | 0 |
_uhttps://www.lsh.co.uk/ _zView the item free of charge at www.lsh.co.uk... |
| 942 | _n0 | ||
| 999 |
_c108100 _d108100 |
||